000 00951nam a2200241Ia 4500
999 _c38273
_d38273
001 4280
003 GE_BSU
005 20191015150412.0
008 181216s1960||||ge |||||||||||||| ||geo||
040 _cGE_BSU
041 _ageo
080 _a821.353.1(092)+7.01 დ–88
100 _aდუდუჩავა, მამია
_94719
245 _aილია ჭავჭავაძის ესთეტიკა /
_cრედ. არჩ. დავითიანი.
264 _aთბილისი :
_bსაბჭოთა საქართველო,
_c1960.
300 _a315 გვ. ;
_b20 სმ.
504 _a ბიბლიოგრ: გვ. 313-315.
541 _h2ლ.
600 _aჭავჭავაძე ილია
_91252
653 _aჭავჭავაძე ილია; ესთეტიკა
700 _aდავითიანი, არჩ.
_eრედაქტორი
_94720
942 _cBK
_2udc